Регионална библиотека "Любен Каравелов" - Русе

Избрани творби (Запис номер 114417)

MARC детайли
000 -Лидер
Контролно поле с фиксирана дължина 01590nam a2200349 c 4500
003 - Код на организацията, давaща контролен номер
Контролно поле BLK
005 - Дата и час на последна редакция
Контролно поле 20241211102105.0
008 - Елементи от данни с фиксирана дължина
fixed length control field 180409b bul|||||r ||||||| ||bul||
010 ## - Наследен системен номер
LC control number KNG00119848000
040 ## - Източник на каталожния запис
Идентификатор на билиотеката - собственик на записа BLK
041 ## - Код за език
Код за езика на текст/звукозапис или на отделно заглавие Български
Код за езика КДБФ Български
080 ## - УДК
Текстов определител УДК Френска литература
УДК код - определител по УДК 821.133.1
УДК определител (081)
УДК - код + определител 821.133.1(081)
080 ## - УДК
Текстов определител УДК Френска литература
УДК код - определител по УДК 821.133.1
УДК определител -31
УДК - код + определител 821.133.1-31
100 1# - Редна дума - Автор
Автор Флобер, Гюстав
Авторска отговорност първи автор
R(LIN) 134422
139 ## - Редно поле
Редна дума Флобер, Гюстав
Авторски знак Фло - Ф 63
245 10 - Сведения за заглавието
Заглавие Избрани творби
Подзаглавни данни В 4 т. За том: Роман
Редно поле (дума) Гюстав Флобер; встъп. студия от Богдан Богданов; прев. на том Константин Константинов.
Том Т. 1
Заглавие на том Мадам Бовари
257 ## - Страна на издаване
Страна на създаване/издаване Франция
260 ## - Област на издателските данни
-- София
Име на издателя, разпространителя и проч. Нар. култура
Година на издаване 1984
Печатница В. Търново : Д. Найденов
300 ## - Физическа характеристика
Размери/Мащаб 21 см
380 ## - Жанр
Жанр Худож. лит.
500 ## - Общи забележки
Забележка 30 125 тир.
653 ## - Ключова дума – ненормативна
Ключова дума романи
700 1# - Други автори (авторска отговорност)
Лично име Богданов, Богдан
Автороска отговорност (Описва отношението между автора и произведението) встъп. студия от
9 (RLIN) 365783
700 1# - Други автори (авторска отговорност)
Лично име Константинов, Константин
Автороска отговорност (Описва отношението между автора и произведението) прев. на том
9 (RLIN) 363429
760 1# - Описание на основната серия
Редна дума на основното описание Флобер, Гюстав
Място на издаване, издател и година 1984
Страници - том 423 с.
Забележка - том Ориг. загл. Madame Bovary / Gustave Flaubert.
Заглавие Т. 1 Мадам Бовари
852 ## - Местоположение
Форматна сигнатура Цб 125967
856 4# - Електронен адрес и достъп
Електронен формат pdf - файл
Път до файла /url/
856 4# - Електронен адрес и достъп
Електронен формат pdf - файл
Път до файла /url/
942 ## - АРТИКУЛИ
Вид на библиотечния материал Книги
Скрит в OPAC Не
Koha issues (borrowed), all copies 14
944 ## - СЪЗДАВАНЕ И РЕДАКЦИЯ на ЗАПИСА
Създаване/Редакция Създаване
Дата на регистрацията/редакция 14.10.2010
Статус, дата на статуса Цветелина Шанова
Служител, извършил регистрацията/редакцията 30531
944 ## - СЪЗДАВАНЕ И РЕДАКЦИЯ на ЗАПИСА
Създаване/Редакция Редакция
Дата на регистрацията/редакция 21.12.2017
Статус, дата на статуса ф / 13.10.2010
Служител, извършил регистрацията/редакцията Людмила_Стоянова
999 ## - СИСТЕМНИ КОНТРОЛНИ НОМЕРА
Koha biblionumber 114417
Koha biblioitemnumber 114417
Наличности
Код за отписване Код за изгубен артикул Източник на класификационната схема Код за повреда Коз за рестрикции Код за отдаване Артикулен № Име на библиотеката - собственик Име на библиотеката, в която се намира в момента Статус (Текущо местоположение) Дата на вписване в системата Местоположение - отдел Цена в лева Инвентарен номер Систематично азбучна сигнатура Баркод Номер на екземпляра Цена в евро Служебна бележка Служебен тип на артикула
Изтеглен Не е изгубен Universal Decimal Classification Не е повреден без рестрикции заемане за дома 183033 Регионална библиотека "Любен Каравелов" Русе Регионална библиотека "Любен Каравелов" Русе Заемна - подръчен фонд 2010-10-06 Заемна - подръчен фонд 5.00 120000746288 П 840(081)/Ф 63 120000746288 1 2.56 Дост: DA Вид: А N: 21 Дата: 06.10.2010 Книги
Изтеглен Не е изгубен Universal Decimal Classification Не е повреден без рестрикции заемане за дома 183034 Регионална библиотека "Любен Каравелов" Русе Регионална библиотека "Любен Каравелов" Русе Заемна - подръчен фонд 1984-01-01 Заемна - подръчен фонд 0.20 402020 П 840(081)/Ф 63 402020 2 0.10 Дост: Pk Вид: Ф N: стар фонд Дата: 01.01.1984 Книги
  Не е изгубен Universal Decimal Classification Не е повреден без рестрикции ползва се в читалня 183035 Регионална библиотека "Любен Каравелов" Русе Регионална библиотека "Любен Каравелов" Русе Хранилище 1984-01-01 Хранилище 3.26 403361 Цб 125967 120000403361 3 1.67 Дост: Dp Вид: Д N: стар фонд Дата: 01.01.1984 Книги
  Не е изгубен Universal Decimal Classification Не е повреден без рестрикции заемане за дома 183036 Регионална библиотека "Любен Каравелов" Русе Регионална библиотека "Любен Каравелов" Русе Заемна - подръчен фонд 1984-01-01 Заемна - подръчен фонд 3.26 402022 П 840(081)/Ф 63 120000402022 4 1.67 Дост: Pk Вид: Ф N: стар фонд Дата: 01.01.1984 Книги
  Не е изгубен   Не е повреден без рестрикции заемане за дома 183037 Регионална библиотека "Любен Каравелов" Русе Регионална библиотека "Любен Каравелов" Русе Заемна - подръчен фонд 2017-12-14 Заемна - подръчен фонд 18.00 120000817877 П 840(081)/Ф 63 120000817877 5 9.20 Дост: DA Вид: А N: 44 Дата: 14.12.2017 Дата инв: 13.02.2018 Бележки инв: П2018 Книги
Vip Innovations Ltd, Rousse, Bulgaria 2025